Countries which Outlaw Homosexual Acts - Statistics

General Stats
  • This quiz has been taken 282 times
    265 since last reset
  • The average score is 38 of 76
Answer Stats
Answer % Correct
Iran
81%
Egypt
80%
Saudi Arabia
79%
Pakistan
73%
Yemen
73%
Morocco
72%
Afghanistan
71%
Libya
71%
Nigeria
71%
United Arab Emirates
71%
Oman
69%
Sudan
69%
Syria
69%
Qatar
68%
India
66%
Indonesia
65%
Bangladesh
64%
Angola
62%
Kenya
62%
Somalia
62%
Tunisia
62%
Uganda
62%
Ethiopia
61%
Kuwait
60%
Lebanon
60%
South Sudan
59%
Zambia
58%
Zimbabwe
57%
Eritrea
53%
Tanzania
53%
Guinea
52%
Mauritania
52%
Namibia
52%
Gambia
51%
Lesotho
51%
Botswana
50%
Ghana
50%
Malaysia
49%
Turkmenistan
49%
Burundi
48%
Liberia
48%
Malawi
48%
Togo
48%
Bhutan
47%
Cameroon
47%
Uzbekistan
47%
Mozambique
45%
Senegal
45%
Brunei
44%
Comoros
42%
Jamaica
42%
Sierra Leone
42%
Swaziland
40%
Sri Lanka
39%
Tonga
39%
Mauritius
38%
Samoa
38%
Singapore
38%
Seychelles
37%
Dominica
36%
Trinidad & Tobago
36%
Antigua & Barbuda
35%
Burma
34%
Nauru
34%
Barbados
33%
St Kitts & Nevis
33%
Maldives
32%
St Lucia
32%
Kiribati
31%
Tuvalu
31%
St Vincent & the Grenadines
30%
Grenada
29%
Guyana
29%
Papua New Guinea
26%
Solomon Islands
26%
Belize
22%
No matching quizzes found
Score Distribution
Percent of People with Each Score
Percentile by Number Answered
Your Score History
You have not taken this quiz since the last reset